000 00845cab a2200301 4500
001 ABS47176
008 090401t1992 xxu||||| |||| 00| 0 eng d
035 _a(Sirsi) u60978
041 _aeng
100 _aHutton, T.
245 _aControl of feral pigeons : an independent approach
260 _c1992
350 _a0
490 _aStructural Survey
_v11(2) Autumn 1992, 159-167(5)
520 _aExamines the damage caused to buildings by wild pigeons and their by-products and how they can be controlled. References.
650 _aBIRD SCARERS
650 _aBIRDS
650 _aCONSERVATION
650 _aDROPPINGS
650 _aFERAL PIGEONS
650 _aGUANO
650 _aPESTS
650 _aPOISONS
690 _aBUILT ENVIRONMENT-BUILDING PATHOLOGY
700 _aDobson, J.
942 _n0
948 _c04/03/1997
999 _c37706
_d37706